000 00675nam a2200241Ia 4500
003 OSt
005 20221005025517.0
006 a|||||r|||| 00| 0
007 ta
008 221004b |||||||| |||| 00| 0 eng d
024 _a77018
037 _cTextual
040 _aCRL
_cCRL
_beng
041 _2eng
_aeng
082 _aO111,2J64:g, K5
100 _aGuha P. K
_9581780
245 0 _aVital role of poetry in Shakespearean drama
260 _aCalcutta
_bThe Ramakrishna mission institute of culture India
_c1965
300 _a37p
_ccm.
650 _aENGLISH LITERATURE
942 _hO111,2J64:g, K5
_cTEXL
_2cc
999 _c934786
_d934786